Potravinárstvo nie je v centre pozornosti politikov

Problémy agrárneho sektora na Slovensku. Obchodná bilancia s prvovýrobkami a potravinami je záporná a jej saldo sa neustále zvyšuje. V roku 1998 bol prijatý zákon o poľnohospodárstve č. 240/98 Z.z. Príklady dovozov nahraditeľných potravinových položiek, kde dovoz vysoko prevyšuje vývoz.

Guardado en:
Detalles Bibliográficos
Autor principal: Vechter, Juraj
Formato: Capítulo de libro
Lenguaje:eslovaco
Materias:
Etiquetas: Agregar Etiqueta
Sin Etiquetas, Sea el primero en etiquetar este registro!

MARC

LEADER 00000naa a2200000 4500
001 r036092
005 20230919123237.2
041 0 |a slo 
044 |a SK 
245 1 0 |a Potravinárstvo nie je v centre pozornosti politikov  |c Juraj Vechter 
520 |a Problémy agrárneho sektora na Slovensku. Obchodná bilancia s prvovýrobkami a potravinami je záporná a jej saldo sa neustále zvyšuje. V roku 1998 bol prijatý zákon o poľnohospodárstve č. 240/98 Z.z. Príklady dovozov nahraditeľných potravinových položiek, kde dovoz vysoko prevyšuje vývoz. 
610 2 0 |a poľnohospodárstvo 
610 2 0 |a bilancia obchodná 
610 2 0 |a obchod zahraničný 
610 2 0 |a potraviny 
610 2 0 |a trh vnútorný 
610 2 0 |a výroba poľnohospodárska 
610 2 0 |a kríza agrárna 
610 2 0 |a Slovensko 
100 1 |a Vechter, Juraj